Mycologie - Vocabulaire - Statistiques

Statistiques générales
  • Ce quiz a été pris 9 fois
    8 depuis la dernière actualisation
  • Le résultat moyen est 19 sur 69
Statistiques - réponses
Hint Réponse % Correct
Terme qualifiant les lamelles d'un champignon relié au pied de manière perpendiculaire. Adné
50%
Ornement circulaire présent sur le pied, reste du voile partiel. Anneau
50%
Embranchement de champignons supérieurs à silhouette variée et dont le cycle de vie est principalement haploïde. Ascomycètes
50%
Type de spore issu d'un asque. Ascospore
50%
Type de spore issu d'un baside. Basidiospore
50%
Champignon dont le pied est décalé, n'étant pas au centre du chapeau. Excentré
50%
Terme qualifiant les lamelles d'un champignon relié au chapeau (et non au pied). Libre
50%
Symbiose dans laquelle les deux partis en tire des bénéfices. Mutualisme
50%
Champignon vivant au dépend d'une autre espèce. Parasite
50%
Cellule reproductrice des champignons. Spore
50%
Dépôt de spores tombant du chapeau à maturité. Sporée
50%
Mode de nutrition des champignons basé sur la sécrétion d'enzyme dans le milieu extérieur pour ensuite capter la matière digérée. Absorption
25%
Partie en forme de petits appendices situés sous le chapeau qui supporte la partie fertile du champignon. Aiguillon
25%
Manchon engainant le pied depuis la base. Armille
25%
Cellule allongée productrice de spore chez les "champignons à silhouette variée". Asque
25%
Organisme capable de produire ses propres éléments constituants à partir de minéraux. Autotrophe
25%
Cellule en forme de massue productrice de spore chez les "champignons à silhouette pied et chapeau". Baside
25%
Petite cellule fertile immature chez les "champignons à silhouette pied et chapeau". Basidiole
25%
Embranchement de champignons supérieurs à silhouette peu variée (pied et chapeau) et dont le cycle de vie est principalement dicaryotique. Basidiomycètes
25%
Terme qualifiant le pied du sporophore de forme arrondie. Bulbeux
25%
Deuxième transition du cycle reproducteur des champignons où les cellules haploïdes fusionnent en cellule diploïde. Caryogamie
25%
Texture du champignon dont la chair se brise comme une craie. Cassant
25%
Partie supérieure du sporophore renfermant les organes de fructification. Chapeau
25%
Polysaccharide naturel qui compose la paroi cellulaire des champignons. Chitine
25%
Terme qualifiant une volve coupée nettement lorsque le voile s'ouvre par le milieu. Circoncise
25%
Terme qualifiant le chapeau du sporophore en forme de fusée. Conique
25%
Ensemble de filaments réunissant le bord du chapeau à la partie supérieure du pied. Cortine
25%
Mince peau externe recouvrant le chapeau du champignon et protégeant la chair. Cuticule
25%
Type de décomposeur attaquant la matière organique avant les autres espèces. Décomposeur primaire
25%
Type de décomposeur attaquant la matière organique déjà décomposée par des champignons ou des bactéries. Décomposeur secondaire
25%
Type de décomposeur attaquant la matière organique restante après le passage des autres décomposeurs. Décomposeur tertiaire
25%
Terme qualifiant les lamelles d'un champignon relié au pied en descendant le long de celui-ci. Décurrent
25%
Propriété de certains champignon de se liquéfier en absorbant l'humidité de l'air. Déliquescence
25%
Cellule contenant deux noyaux. Dicaryon
25%
Terme qualifiant le stade dans lequel le mycélium n'est constitué que de cellules à deux noyaux par cloison. Dicaryotique
25%
Cellule possédant un double jeu de chromosomes. Diploïde
25%
Terme qualifiant le pied du sporophore de forme concave. Entonnoir
25%
Texture du champignon dont la chair peut s'effiler en fins lambeaux. Fibreux
25%
Partie fertile interne chez les champignons Gastéromycètes. Gléba
25%
Terme qualifiant le stade dans lequel le mycélium n'est constitué que de cellules à un seul noyau par cloison. Haploïde
25%
Organisme qui se nourrit de substance organique, ne pouvant produire seul ses propres éléments constituants. Hétérotrophe
25%
Partie fertile du sporophore, composé d'une assise de cellules reproductrices. Hyménium
25%
Filament constitutif du mycélium. Hyphe
25%
Partie en forme de feuillet rayonnant à partir du pied sous le chapeau qui supporte la partie fertile du champignon. Lame
25%
Terme qualifiant un champignon qui pousse sur le bois. Lignicole
25%
Groupe de champignon dont le sporophore est visible à l'œil nu. Macromycètes
25%
Terme qualifiant le pied du sporophore présentant une petite protubérance au sommet. Mamelonné
25%
Terme qualifiant le pied du sporophore de forme hémisphérique présentant une bordure. Marginé
25%
Troisième transition du cycle reproducteur de champignons où les cellules se divisent pour former quatre cellule filles haploïdes. Méïose
25%
Groupe de champignon dont le sporophore est microscopique. Micromycètes
25%
Appareil végétatif des champignons composé de millions de filaments. Mycélium
25%
Règne de vivant dans lequel on retrouve les champignon. Mycète
25%
Champignon s'associant symbiotiquement avec des plantes. Mycorhizique
25%
Terme qualifiant une volve très peu marquée lorsque le voile s'ouvre à partir de la base. Napiforme
25%
Partie basale du sporophore servant de soutien au chapeau. Pied
25%
Première transition du cycle reproducteur des champignons où les cellules fusionnent pour partager leur cytoplasme. Plasmogamie
25%
Partie en forme de tubes serrés situés sous le chapeau qui supporte la partie fertile du champignon. Pore
25%
Terme qualifiant le pied du sporophore de forme allongé, semblable à une racine. Radicant
25%
Terme qualifiant une volve large et remontée lorsque le voile s'ouvre par le sommet. Sac
25%
Champignon décomposeur se nourrissant de matière organique morte. Saprotrophe
25%
Partie reproductive visible des champignons qui disperse les spores. Sporophore
25%
Membrane enveloppant initialement le sporophore en entier. Voile général
25%
Membrane enveloppant initialement les lamelles ou les tubes du sporophore. Voile partiel
25%
Ornement membraneux présent à la base du sporophore, reste du voile général. Volve
25%
Terme qualifiant le chapeau du sporophore en forme de cloche. Campanulé
0%
Terme qualifiant les lamelles d'un champignon relié au pied après une encoche. Échancré
0%
Terme qualifiant une volve en lambeau lorsque le voile s'ouvre en s'effritant débris par débris. Friable
0%
Terme désignant un spore fuselé, c'est-à-dire pointu aux deux extrémités. Fusoïde
0%
Filament stérile servant à protéger les structures fertiles des "champignons à silhouette variée". Paraphyse
0%
Aucun quiz correspondant
Distribution des résultats
% des personnes avec chaque résultat
Percentile par nombre de réponses
Votre historique - résultats
Vous n’avez pas pris ce quiz depuis la dernière actualisation